| 000 | 00995nam a22002057a 4500 | ||
|---|---|---|---|
| 003 | OSt | ||
| 005 | 20160620110331.0 | ||
| 008 | 150409b xxu||||| |||| 00| 0 eng d | ||
| 040 | _cBMC | ||
| 082 | _a004.65 | ||
| 100 | 1 |
_936016 _aGaldámez Mazariego, Floridalma Lissett |
|
| 245 | 1 | 0 |
_aPasantía de analista de sistemas y soporte informático en Salazar Romero, S.A. Romero, S.A. de C.V., Sucursal Ciudad Real _b: Informe final _cFloridalma Lissett Galdámez Mazariego |
| 260 |
_aSanta Ana (El Salvador) _bUniversidad Católica de Occidente _c2007 |
||
| 300 |
_a1 v. (pág. var.) _c28 cm _e+ 1 disco compacto |
||
| 500 | _aPrecede al tít.: Universidad Católica de Occidente, Facultad de Ciencias Económicas | ||
| 502 | _aTrabajo de graduación para optar al grado académico de Licenciatura en computación administrativa empresarial | ||
| 650 | 2 | 4 |
_91815 _aRedes de computación |
| 710 | 2 |
_91067 _aUniversidad Católica de El Salvador _bFacultad de Ciencias Empresariales |
|
| 942 |
_2ddc _cTG |
||
| 999 |
_c22260 _d22260 |
||